[Event "Berlin-ch Seniors op 38th"]
[Site "Berlin"]
[Date "2022.01.31"]
[Round "7"]
[White "Kreutzkamp, Hans Rudolf"]
[Black "Hildebrand, Gerald"]
[Result "1-0"]
[WhiteElo "2108"]
[BlackElo "2060"]
[PlyCount "69"]
[EventDate "2022.01.25"]
[EventType "swiss"]
[EventRounds "9"]
[EventCountry "GER"]
[SourceTitle "EXT 2023"]
[Source "ChessBase"]
[SourceDate "2022.10.05"]
[SourceVersion "1"]
[SourceVersionDate "2022.10.05"]
[SourceQuality "1"]

1. e4 c5 2. Nf3 d6 3. d4 cxd4 4. Nxd4 Nf6 5. Nc3 a6 6. Be2 e5 7. Nf3 h6 8. a4 Be6 9. h3 Nc6 10. Be3 d5 11. exd5 Nxd5 12. Nxd5 Qxd5 13. 0-0 Be7 14. c3 Qxd1 15. Bxd1 0-0 16. Bc2 Rac8 17. Bb6 Bd8 18. Bc5 Re8 19. Rfe1 f6 20. Rad1 Be7 21. Bb6 Bd8 22. Bc5 Be7 23. Bxe7 Rxe7 24. Rd6 Rd8 25. Red1 Rxd6 26. Rxd6 Kf7 27. Kf1 Rd7 28. Rxd7+ Bxd7 29. Ke2 Ke7 30. Nd2 Be6 31. h4 Na5 32. b4 Nc4 33. a5 Nxd2 34. Kxd2 Bc4 35. Be4 1-0

[Event "Berlin-ch Seniors op 36th"]
[Site "Berlin"]
[Date "2020.01.31"]
[Round "4.13"]
[White "Herrmann, Eberhard"]
[Black "Kreutzkamp, Hans Rudolf"]
[Result "1/2-1/2"]
[WhiteElo "1842"]
[BlackElo "2061"]
[PlyCount "40"]
[EventDate "2020.01.28"]
[EventType "swiss"]
[EventRounds "9"]
[EventCountry "GER"]
[SourceTitle "EXT 2024"]
[Source "ChessBase"]
[SourceDate "2023.10.10"]
[SourceVersion "1"]
[SourceVersionDate "2023.10.10"]
[SourceQuality "1"]

1. e4 e5 2. Nc3 Bc5 3. d3 d6 4. Na4 Bb6 5. Nxb6 axb6 6. f4 exf4 7. Bxf4 Qf6 8. Qc1 h6 9. Nf3 g5 10. Bd2 Nc6 11. Be2 g4 12. Bc3 Ne5 13. Nxe5 dxe5 14. Qe3 Ne7 15. d4 Ng6 16. dxe5 Qe7 17. e6 Rh7 18. exf7+ Rxf7 19. Qxh6 Qxe4 20. 0-0-0 Qf4+ 1/2-1/2

[Event "Hamburg-ch Seniors 65+ op 26th"]
[Site "Hamburg"]
[Date "2019.11.19"]
[Round "9"]
[White "Kreutzkamp, Hans Rudolf"]
[Black "Stuhlmann, Alexander"]
[Result "0-1"]
[WhiteElo "2064"]
[BlackElo "1878"]
[PlyCount "100"]
[EventDate "2019.11.11"]
[EventType "swiss"]
[EventRounds "9"]
[EventCountry "GER"]
[SourceTitle "EXT 2022"]
[Source "ChessBase"]
[SourceDate "2021.10.06"]
[SourceVersion "1"]
[SourceVersionDate "2021.10.06"]
[SourceQuality "1"]

1. e4 c5 2. c4 Nc6 3. f4 g6 4. Nf3 Bg7 5. Nc3 e6 6. Be2 d6 7. 0-0 Nge7 8. d3 0-0 9. Be3 Nd4 10. Qd2 a6 11. Kh1 Rb8 12. Rac1 b5 13. Bd1 b4 14. Bxd4 cxd4 15. Ne2 e5 16. Qe1 f5 17. c5 fxe4 18. Bb3+ Kh8 19. cxd6 exf3 20. dxe7 fxg2+ 21. Kxg2 Qxe7 22. Ng3 Qb7+ 23. Kg1 Bh3 24. Rf2 Rxf4 25. Ne4 Rbf8 26. Rcc2 Qd7 27. Rce2 Qg4+ 28. Ng3 Rxf2 29. Rxf2 Rxf2 30. Qxf2 Qf4 31. Qxf4 exf4 32. Ne4 Bf8 33. Kf2 Bf5 34. Kf3 Bxe4+ 35. Kxe4 g5 36. Bd5 h6 37. Kxd4 Bg7+ 38. Kc4 Bxb2 39. Kxb4 g4 40. Bb7 f3 41. h3 h5 42. Kc4 a5 43. d4 Kg7 44. Be4 Kf6 45. hxg4 hxg4 46. Kd3 Kg5 47. Ke3 Bc1+ 48. Kf2 Kf4 49. Bd3 g3+ 50. Ke1 g2 0-1

[Event "Hamburg-ch Seniors 65+ op 26th"]
[Site "Hamburg"]
[Date "2019.11.12"]
[Round "2"]
[White "Krotofil, Kurt"]
[Black "Kreutzkamp, Hans Rudolf"]
[Result "0-1"]
[WhiteElo "1864"]
[BlackElo "2064"]
[PlyCount "56"]
[EventDate "2019.11.11"]
[EventType "swiss"]
[EventRounds "9"]
[EventCountry "GER"]
[SourceTitle "EXT 2022"]
[Source "ChessBase"]
[SourceDate "2021.10.06"]
[SourceVersion "1"]
[SourceVersionDate "2021.10.06"]
[SourceQuality "1"]

1. d4 Nf6 2. c4 e6 3. Nc3 b6 4. Bg5 Be7 5. Nf3 Bb7 6. e3 0-0 7. Be2 d6 8. 0-0 Nbd7 9. Qc2 Rc8 10. Rad1 d5 11. cxd5 Nxd5 12. Bxe7 Qxe7 13. Rd2 c5 14. Rc1 cxd4 15. Nxd4 Nxc3 16. bxc3 Ne5 17. Nf3 Nxf3+ 18. Bxf3 Bxf3 19. gxf3 Rc5 20. Qa4 Qf6 21. f4 Qg6+ 22. Kf1 a5 23. Rd6 Rh5 24. Qd4 Rxh2 25. Ke2 Qg4+ 26. Kd3 Rxf2 27. Re1 Qf5+ 28. Kc4 b5+ 0-1

[Event "GER-ch Seniors 65 31st"]
[Site "Radebeul"]
[Date "2019.05.03"]
[Round "8"]
[White "Gebuhr, Guenter"]
[Black "Kreutzkamp, Hans Rudolf"]
[Result "0-1"]
[WhiteElo "1883"]
[BlackElo "2068"]
[PlyCount "78"]
[EventDate "2019.04.26"]
[EventType "swiss"]
[EventRounds "9"]
[EventCountry "GER"]
[SourceTitle "CBM 190 Extra"]
[Source "ChessBase"]
[SourceDate "2019.07.15"]
[SourceVersion "1"]
[SourceVersionDate "2019.07.15"]
[SourceQuality "1"]

1. e4 e5 2. Nf3 Nc6 3. Bb5 a6 4. Ba4 d6 5. d4 b5 6. Bb3 Nxd4 7. Nxd4 exd4 8. Bd5 Rb8 9. Qxd4 Ne7 10. Bg5 f6 11. Bxf6 gxf6 12. Qxf6 Nxd5 13. Qxh8 Nf6 14. Nc3 Qe7 15. 0-0-0 Qg7 16. Qxg7 Bxg7 17. e5 dxe5 18. Rhe1 Be6 19. Rxe5 Kf7 20. f3 Bh6+ 21. Kb1 Bf4 22. Rc5 Bxh2 23. Ne4 Nxe4 24. fxe4 Bd6 25. Rf1+ Kg6 26. Rc6 Bc8 27. Rc3 Bb7 28. Rcf3 Bxe4 29. Rf6+ Kg7 30. Rf7+ Kg8 31. Rd7 Bc6 32. Rdf7 Rf8 33. Rxf8+ Bxf8 34. g4 Kg7 35. Kc1 Bd7 36. Rf4 Bd6 37. Rd4 Kg6 38. c4 bxc4 39. Rxc4 Kg5 0-1

[Event "GER-ch Seniors 65 31st"]
[Site "Radebeul"]
[Date "2019.05.01"]
[Round "6"]
[White "Kreutzkamp, Hans Rudolf"]
[Black "Baum, Bernd"]
[Result "1/2-1/2"]
[WhiteElo "2068"]
[BlackElo "2183"]
[PlyCount "65"]
[EventDate "2019.04.26"]
[EventType "swiss"]
[EventRounds "9"]
[EventCountry "GER"]
[SourceTitle "CBM 190 Extra"]
[Source "ChessBase"]
[SourceDate "2019.07.15"]
[SourceVersion "1"]
[SourceVersionDate "2019.07.15"]
[SourceQuality "1"]

1. e4 e6 2. d4 d5 3. exd5 exd5 4. Bd3 c5 5. dxc5 Bxc5 6. Ne2 Nc6 7. 0-0 Nge7 8. Ng3 Be6 9. Nd2 0-0 10. Nf3 f6 11. Re1 Qd7 12. c3 Bf7 13. Be3 b6 14. Qc2 Bg6 15. Rad1 Rac8 16. Bxg6 hxg6 17. Bd4 Rfe8 18. Re2 Bd6 19. Nf1 g5 20. Ne3 Bf4 21. Red2 Qe6 22. g3 g4 23. Nh4 Nxd4 24. Rxd4 Bxe3 25. fxe3 Qxe3+ 26. Qf2 Qxf2+ 27. Kxf2 f5 28. Ng2 Rc5 29. Nf4 Kf7 30. Nxd5 Nxd5 31. Rxd5 Rxd5 32. Rxd5 Ke6 33. Rd2 1/2-1/2

[Event "Berlin-ch Seniors op 35th"]
[Site "Berlin"]
[Date "2019.02.01"]
[Round "4"]
[White "Klemp, Joachim"]
[Black "Kreutzkamp, Hans Rudolf"]
[Result "0-1"]
[WhiteElo "1862"]
[BlackElo "2091"]
[PlyCount "120"]
[EventDate "2019.01.29"]
[EventType "swiss"]
[EventRounds "9"]
[EventCountry "GER"]
[SourceTitle "CBM 189 Extra"]
[Source "ChessBase"]
[SourceDate "2019.06.03"]
[SourceVersion "1"]
[SourceVersionDate "2019.06.03"]
[SourceQuality "1"]

1. d4 Nf6 2. c4 e6 3. Nf3 d5 4. Bg5 h6 5. Bxf6 Qxf6 6. Nc3 c6 7. e3 Nd7 8. a3 Qd8 9. Rc1 Be7 10. Bd3 0-0 11. Ne2 dxc4 12. Bxc4 c5 13. d5 exd5 14. Bxd5 Nf6 15. Nc3 Rb8 16. Bc4 Qa5 17. Ne5 Qb6 18. Ng6 Re8 19. Qb3 Qxb3 20. Nxe7+ Rxe7 21. Bxb3 b6 22. 0-0 Bb7 23. Rcd1 Kf8 24. Rd2 Rd7 25. Rxd7 Nxd7 26. Nb5 a6 27. Nd6 f6 28. f4 Bc6 29. e4 g6 30. Rd1 Ke7 31. g3 b5 32. Bf7 Nf8 33. e5 fxe5 34. fxe5 Bd7 35. Rf1 Be6 36. Rf6 Bxf7 37. Rxf7+ Ke6 38. Ra7 Kxe5 39. Rxa6 Kd4 40. Nf7 b4 41. Rd6+ Kc4 42. Ne5+ Kb3 43. Nd3 bxa3 44. bxa3 c4 45. Nc5+ Kxa3 46. Kf2 Rc8 47. Rd5 c3 48. Ke3 c2 49. Kd2 c1Q+ 50. Kxc1 Kb4 51. Kd2 Rxc5 52. Rd6 Re5 53. Rf6 Re8 54. g4 Kc4 55. h4 Kd4 56. h5 Ke5 57. Rb6 gxh5 58. Rb5+ Kf6 59. Rxh5 Kg6 60. Rf5 Nd7 0-1

[Event "GER-ch Seniors 65+ 30th"]
[Site "Hamburg"]
[Date "2018.07.24"]
[Round "4"]
[White "Bocionek, Dieter"]
[Black "Kreutzkamp, Hans Rudolf"]
[Result "1/2-1/2"]
[WhiteElo "1881"]
[BlackElo "2063"]
[PlyCount "92"]
[EventDate "2018.07.21"]
[EventType "swiss"]
[EventRounds "9"]
[EventCountry "GER"]
[SourceTitle "EXT 2020"]
[Source "ChessBase"]
[SourceDate "2019.10.17"]
[SourceVersion "1"]
[SourceVersionDate "2019.10.17"]
[SourceQuality "1"]

1. d4 b6 2. Nh3 Bb7 3. f3 e6 4. Nf2 d5 5. Bf4 Nf6 6. Bg5 Be7 7. Nd2 h6 8. Bxf6 Bxf6 9. c3 c5 10. e3 0-0 11. Bd3 Ba6 12. Bxa6 Nxa6 13. 0-0 g6 14. f4 Nc7 15. Ng4 Bg7 16. Nf3 Ne8 17. Nge5 Nd6 18. Qc2 Rc8 19. Rad1 Qe7 20. g4 Ne4 21. Qg2 Kh7 22. Nd2 Nxd2 23. Rxd2 f6 24. Nf3 Rc7 25. Qh3 f5 26. Rg2 Qe8 27. Kh1 Kg8 28. Rfg1 Rff7 29. gxf5 exf5 30. Nh4 Qe4 31. Qf3 g5 32. Qxe4 fxe4 33. fxg5 h5 34. g6 Rf8 35. Rg5 cxd4 36. exd4 e3 37. Re1 Re7 38. Rf5 Bf6 39. Ng2 Kg7 40. Rxd5 e2 41. Kg1 Re4 42. Rxh5 Kxg6 43. Rh3 Bg5 44. Rg3 Kh5 45. Rh3+ Kg6 46. Rg3 Kh5 1/2-1/2

[Event "Berlin-ch Seniors op 34th"]
[Site "Berlin"]
[Date "2018.02.06"]
[Round "7"]
[White "Kreutzkamp, Hans Rudolf"]
[Black "Bluhm, Robert"]
[Result "1-0"]
[WhiteElo "2083"]
[BlackElo "1845"]
[PlyCount "59"]
[EventDate "2018.01.30"]
[EventType "swiss"]
[EventRounds "9"]
[EventCountry "GER"]
[SourceTitle "EXT 2020"]
[Source "ChessBase"]
[SourceDate "2019.10.17"]
[SourceVersion "1"]
[SourceVersionDate "2019.10.17"]
[SourceQuality "1"]

1. e4 e5 2. Nf3 Nc6 3. Bc4 Nf6 4. d3 Be7 5. h3 d6 6. c3 h6 7. Be3 a6 8. Nbd2 Na5 9. Bb3 Nxb3 10. axb3 c5 11. 0-0 0-0 12. Nh2 d5 13. Ndf3 Qd6 14. d4 cxd4 15. cxd4 dxe4 16. Nxe5 Be6 17. Nc4 Qd8 18. Rc1 Rc8 19. f4 exf3 20. Qxf3 Bd5 21. Qf5 b5 22. Ne5 Rxc1 23. Rxc1 Qa8 24. Bxh6 gxh6 25. Rc3 Ne4 26. Nhg4 Bg5 27. Nd7 Nxc3 28. Ngf6+ Bxf6 29. Nxf6+ Kg7 30. Nh5+ 1-0

[Event "Berlin-ch Seniors op 33rd"]
[Site "Berlin"]
[Date "2017.02.07"]
[Round "7"]
[White "Kreutzkamp, Hans Rudolf"]
[Black "Steiger, Michael"]
[Result "0-1"]
[WhiteElo "2137"]
[BlackElo "1999"]
[PlyCount "49"]
[EventDate "2017.01.31"]
[EventType "swiss"]
[EventRounds "9"]
[EventCountry "GER"]
[SourceTitle "EXT 2019"]
[Source "ChessBase"]
[SourceDate "2018.10.10"]
[SourceVersion "1"]
[SourceVersionDate "2018.10.10"]
[SourceQuality "1"]

1. e4 c5 2. Nf3 d6 3. d4 cxd4 4. Nxd4 Nf6 5. Nc3 a6 6. a4 g6 7. Be2 Bg7 8. Be3 0-0 9. 0-0 Nc6 10. h3 d5 11. exd5 Nb4 12. Qd2 Nbxd5 13. Nxd5 Nxd5 14. Bh6 e5 15. Bxg7 Kxg7 16. Nb3 Nf4 17. Qe3 Qg5 18. g3 Nxh3+ 19. Kh2 Qxe3 20. fxe3 Ng5 21. Rad1 Bf5 22. Bd3 Bg4 23. Rc1 Rac8 24. Rf2 Rfd8 25. Nd2 0-1

[Event "Berlin-ch Seniors op 33rd"]
[Site "Berlin"]
[Date "2017.02.03"]
[Round "4"]
[White "Wolf, Manfred"]
[Black "Kreutzkamp, Hans Rudolf"]
[Result "1-0"]
[WhiteElo "2024"]
[BlackElo "2137"]
[PlyCount "121"]
[EventDate "2017.01.31"]
[EventType "swiss"]
[EventRounds "9"]
[EventCountry "GER"]
[SourceTitle "EXT 2019"]
[Source "ChessBase"]
[SourceDate "2018.10.10"]
[SourceVersion "1"]
[SourceVersionDate "2018.10.10"]
[SourceQuality "1"]

1. Nf3 g6 2. b4 Bg7 3. d4 d5 4. e3 Nf6 5. Bb2 0-0 6. Be2 Nbd7 7. 0-0 Ne4 8. Nbd2 f5 9. c4 c6 10. Qb3 Ndf6 11. Nxe4 Nxe4 12. b5 g5 13. Rfd1 Rf6 14. Ne5 g4 15. Rac1 Qe8 16. cxd5 cxd5 17. Bxg4 Nxf2 18. Kxf2 fxg4+ 19. Kg1 Be6 20. Rf1 Rxf1+ 21. Rxf1 Bxe5 22. dxe5 a6 23. bxa6 bxa6 24. Qb6 Qd7 25. Rc1 Bf7 26. e6 Qxe6 27. Qd4 Qf6 28. Qxg4+ Qg6 29. Qd4 Qf6 30. Qxf6 exf6 31. Bxf6 Bg6 32. Rc7 Be4 33. Bd4 Rb8 34. Rg7+ Kf8 35. Ra7 Bd3 36. Kf2 Rc8 37. g4 Rc2+ 38. Kg3 Rxa2 39. h4 a5 40. h5 Be4 41. Kf4 a4 42. g5 Rc2 43. Rxa4 Ke7 44. Ra7+ Ke6 45. Ra6+ Kd7 46. g6 hxg6 47. hxg6 Rf2+ 48. Kg5 Rg2+ 49. Kh6 Rh2+ 50. Kg7 Rg2 51. Be5 Rg1 52. Bf4 Rg4 53. Kf7 d4 54. Rd6+ Kc8 55. g7 Bh7 56. Rxd4 Kb7 57. Rd6 Bc2 58. Kf8 Bb3 59. Rf6 Rg1 60. Rf7+ Kc6 61. g8Q 1-0

[Event "Berlin-ch Seniors op 32nd"]
[Site "Berlin"]
[Date "2016.02.03"]
[Round "8"]
[White "Kreutzkamp, Hans Rudolf"]
[Black "Burger, Heinrich"]
[Result "1-0"]
[WhiteElo "2150"]
[BlackElo "2086"]
[PlyCount "115"]
[EventDate "2016.01.26"]
[EventType "swiss"]
[EventRounds "9"]
[EventCountry "GER"]
[SourceTitle "EXT 2019"]
[Source "ChessBase"]
[SourceDate "2018.10.10"]
[SourceVersion "1"]
[SourceVersionDate "2018.10.10"]
[SourceQuality "1"]

1. e4 g6 2. d4 c6 3. Bd3 Bg7 4. c3 d5 5. e5 Nh6 6. Bxh6 Bxh6 7. Ne2 0-0 8. h4 f5 9. f4 Kh8 10. Nd2 Qe8 11. Nf3 Rg8 12. Qd2 Nd7 13. Ng5 Nf8 14. Ng1 Ne6 15. N1f3 Bxg5 16. hxg5 Nf8 17. Rh6 b6 18. Kf2 e6 19. Rah1 a5 20. Ke3 Rg7 21. Qe2 Raa7 22. Rc1 c5 23. b3 a4 24. b4 cxb4 25. cxb4 Rgc7 26. Rhh1 a3 27. Rc2 Bd7 28. Rhc1 Qc8 29. Rxc7 Rxc7 30. Rxc7 Qxc7 31. Qc2 Qxc2 32. Bxc2 Bb5 33. Bb3 Nd7 34. Kd2 Kg7 35. Ne1 Kf7 36. Nc2 Bf1 37. Nxa3 b5 38. Bc2 Bc4 39. Bd3 Bxa2 40. Nxb5 Nb6 41. Nd6+ Ke7 42. Kc3 Kd7 43. g3 Kc7 44. Ne8+ Kd7 45. Nd6 Na4+ 46. Kc2 Kc7 47. Bb5 Nb6 48. Kb2 Bc4 49. Bxc4 dxc4 50. Kc3 Nd5+ 51. Kxc4 Ne3+ 52. Kc5 Nf1 53. b5 Nxg3 54. d5 Ne2 55. b6+ Kb8 56. dxe6 Nxf4 57. e7 Ne6+ 58. Kc4 1-0

[Event "Berlin-ch Seniors op 32nd"]
[Site "Berlin"]
[Date "2016.02.01"]
[Round "6"]
[White "Kreutzkamp, Hans Rudolf"]
[Black "Lohse, Steffen"]
[Result "1-0"]
[WhiteElo "2150"]
[BlackElo "1876"]
[PlyCount "39"]
[EventDate "2016.01.26"]
[EventType "swiss"]
[EventRounds "9"]
[EventCountry "GER"]
[SourceTitle "EXT 2019"]
[Source "ChessBase"]
[SourceDate "2018.10.10"]
[SourceVersion "1"]
[SourceVersionDate "2018.10.10"]
[SourceQuality "1"]

1. e4 d5 2. exd5 Qxd5 3. Nc3 Qd6 4. d4 a6 5. h3 e5 6. dxe5 Qxe5+ 7. Be2 Nf6 8. Nf3 Qd6 9. Bd3 b5 10. 0-0 Bb7 11. Re1+ Be7 12. Qe2 Nc6 13. Ne4 Nxe4 14. Qxe4 0-0-0 15. Bf4 Qg6 16. Qe2 Qh5 17. a4 Bf6 18. axb5 axb5 19. Bxb5 g5 20. Ba6 1-0

[Event "Berlin-ch Seniors op 32nd"]
[Site "Berlin"]
[Date "2016.01.28"]
[Round "3"]
[White "Richter, Hans Peter"]
[Black "Kreutzkamp, Hans Rudolf"]
[Result "1-0"]
[WhiteElo "1989"]
[BlackElo "2150"]
[PlyCount "75"]
[EventDate "2016.01.26"]
[EventType "swiss"]
[EventRounds "9"]
[EventCountry "GER"]
[SourceTitle "EXT 2019"]
[Source "ChessBase"]
[SourceDate "2018.10.10"]
[SourceVersion "1"]
[SourceVersionDate "2018.10.10"]
[SourceQuality "1"]

1. e4 b6 2. d4 Bb7 3. Nc3 e6 4. a3 d6 5. Be3 Nd7 6. Qd2 g6 7. 0-0-0 a6 8. f3 b5 9. g4 c6 10. Na2 d5 11. Kb1 a5 12. exd5 exd5 13. Qe2 Be7 14. Bg5 Kf8 15. Bxe7+ Qxe7 16. Qd2 Kg7 17. h4 h6 18. Rh2 Qd6 19. Nh3 b4 20. a4 Ne7 21. b3 Rhe8 22. Nc1 Ng8 23. Re2 Rxe2 24. Qxe2 Nf8 25. Nd3 Ba6 26. Qf2 Bxd3 27. Bxd3 Re8 28. g5 h5 29. f4 f5 30. gxf6+ Nxf6 31. f5 Ne4 32. Bxe4 Rxe4 33. fxg6 Nxg6 34. Rf1 Qe7 35. Ng5 Rxh4 36. Qf5 Rh2 37. Ne6+ Kh6 38. Rg1 1-0

[Event "Hamburg-ch Seniors 22nd"]
[Site "Hamburg"]
[Date "2015.11.04"]
[Round "8"]
[White "Kreutzkamp, Hans Rudolf"]
[Black "Ditmas, Hugh"]
[Result "1/2-1/2"]
[WhiteElo "2175"]
[BlackElo "1905"]
[PlyCount "122"]
[EventDate "2015.10.28"]
[EventType "swiss"]
[EventRounds "9"]
[EventCountry "GER"]
[SourceTitle "EXT 2018"]
[Source "ChessBase"]
[SourceDate "2017.10.13"]
[SourceVersion "1"]
[SourceVersionDate "2017.10.13"]
[SourceQuality "1"]

1. e4 c5 2. Nf3 Nc6 3. d4 cxd4 4. Nxd4 Nf6 5. Nc3 e5 6. Ndb5 d6 7. Nd5 Nxd5 8. exd5 Nb8 9. c4 Be7 10. Bd3 a6 11. Nc3 0-0 12. 0-0 f5 13. Rb1 Nd7 14. b4 e4 15. Be2 Bf6 16. Qb3 b6 17. f3 Be5 18. g3 Qf6 19. Nd1 exf3 20. Bxf3 a5 21. a3 axb4 22. axb4 Bb7 23. Nf2 Bd4 24. Be3 Bxe3 25. Qxe3 Rfe8 26. Qb3 Qd4 27. Rfd1 Qe3 28. Qxe3 Rxe3 29. Rd3 Ra3 30. Rxa3 Rxa3 31. Be2 Ba6 32. b5 Bc8 33. Nd3 Kf7 34. Kf2 g5 35. Ke3 Ne5 36. Kd4 Kf6 37. Rc1 Ra2 38. Re1 Bd7 39. Nb4 Ra3 40. Rc1 Be8 41. Rc2 Bg6 42. Ra2 Rxa2 43. Nxa2 f4 44. gxf4 gxf4 45. Nc3 Kg5 46. Na4 f3 47. Bf1 Nd7 48. Nxb6 Nxb6 49. c5 dxc5+ 50. Kxc5 Nc8 51. b6 Nxb6 52. Kxb6 Kf4 53. Kc7 Ke3 54. Kd6 Bf5 55. Ke5 Bc8 56. Kf6 Kf2 57. Bb5 Kg2 58. h4 h5 59. Kg5 Bg4 60. d6 f2 61. Ba6 f1Q 1/2-1/2